<?xml version="1.0" encoding="UTF-8"?>
<collection xmlns="http://www.loc.gov/MARC21/slim">
 <record>
  <leader>08601cam a2200901   4500</leader>
  <controlfield tag="001">72756692X</controlfield>
  <controlfield tag="003">DE-627</controlfield>
  <controlfield tag="005">20241006113233.0</controlfield>
  <controlfield tag="007">tu</controlfield>
  <controlfield tag="008">121016s2013    gw ||||| m    00| ||ger c</controlfield>
  <datafield tag="010" ind1=" " ind2=" ">
   <subfield code="a">  2013437663</subfield>
  </datafield>
  <datafield tag="020" ind1=" " ind2=" ">
   <subfield code="a">9783895009211</subfield>
   <subfield code="c">Geb.</subfield>
   <subfield code="9">978-3-89500-921-1</subfield>
  </datafield>
  <datafield tag="024" ind1="3" ind2=" ">
   <subfield code="a">9783895009211</subfield>
  </datafield>
  <datafield tag="035" ind1=" " ind2=" ">
   <subfield code="a">(DE-627)72756692X</subfield>
  </datafield>
  <datafield tag="035" ind1=" " ind2=" ">
   <subfield code="a">(DE-576)371886309</subfield>
  </datafield>
  <datafield tag="035" ind1=" " ind2=" ">
   <subfield code="a">(DE-599)GBV72756692X</subfield>
  </datafield>
  <datafield tag="035" ind1=" " ind2=" ">
   <subfield code="a">(OCoLC)829755219</subfield>
  </datafield>
  <datafield tag="035" ind1=" " ind2=" ">
   <subfield code="a">(OCoLC)815945658</subfield>
  </datafield>
  <datafield tag="040" ind1=" " ind2=" ">
   <subfield code="a">DE-627</subfield>
   <subfield code="b">ger</subfield>
   <subfield code="c">DE-627</subfield>
   <subfield code="e">rakwb</subfield>
  </datafield>
  <datafield tag="041" ind1=" " ind2=" ">
   <subfield code="a">ger</subfield>
  </datafield>
  <datafield tag="044" ind1=" " ind2=" ">
   <subfield code="c">XA-DE-HE</subfield>
  </datafield>
  <datafield tag="050" ind1=" " ind2="0">
   <subfield code="a">DG66</subfield>
  </datafield>
  <datafield tag="082" ind1="0" ind2=" ">
   <subfield code="a">725.093763</subfield>
   <subfield code="2">22/ger</subfield>
  </datafield>
  <datafield tag="082" ind1="0" ind2="4">
   <subfield code="a">720</subfield>
   <subfield code="a">710</subfield>
   <subfield code="a">930</subfield>
   <subfield code="q">DNB</subfield>
  </datafield>
  <datafield tag="084" ind1=" " ind2=" ">
   <subfield code="a">9,10</subfield>
   <subfield code="2">ssgn</subfield>
  </datafield>
  <datafield tag="084" ind1=" " ind2=" ">
   <subfield code="a">LF 3500</subfield>
   <subfield code="q">OBV</subfield>
   <subfield code="2">rvk</subfield>
   <subfield code="0">(DE-625)rvk/91535:</subfield>
  </datafield>
  <datafield tag="084" ind1=" " ind2=" ">
   <subfield code="a">LF 3460</subfield>
   <subfield code="q">OBV</subfield>
   <subfield code="2">rvk</subfield>
   <subfield code="0">(DE-625)rvk/91532:</subfield>
  </datafield>
  <datafield tag="084" ind1=" " ind2=" ">
   <subfield code="a">LF 3540</subfield>
   <subfield code="2">rvk</subfield>
   <subfield code="0">(DE-625)rvk/91539:</subfield>
  </datafield>
  <datafield tag="084" ind1=" " ind2=" ">
   <subfield code="a">NH 7711</subfield>
   <subfield code="2">rvk</subfield>
   <subfield code="0">(DE-625)rvk/125783:12246</subfield>
  </datafield>
  <datafield tag="084" ind1=" " ind2=" ">
   <subfield code="a">15.28</subfield>
   <subfield code="2">bkl</subfield>
  </datafield>
  <datafield tag="084" ind1=" " ind2=" ">
   <subfield code="a">20.62</subfield>
   <subfield code="2">bkl</subfield>
  </datafield>
  <datafield tag="084" ind1=" " ind2=" ">
   <subfield code="a">15.17</subfield>
   <subfield code="2">bkl</subfield>
  </datafield>
  <datafield tag="090" ind1=" " ind2=" ">
   <subfield code="a">a</subfield>
  </datafield>
  <datafield tag="100" ind1="1" ind2=" ">
   <subfield code="a">Albers, Jon</subfield>
   <subfield code="d">1976-</subfield>
   <subfield code="0">(DE-588)173988989</subfield>
   <subfield code="0">(DE-627)698887816</subfield>
   <subfield code="0">(DE-576)134825748</subfield>
   <subfield code="4">aut</subfield>
  </datafield>
  <datafield tag="245" ind1="1" ind2="0">
   <subfield code="a">Campus Martius</subfield>
   <subfield code="b">die urbane Entwicklung des Marsfeldes von der Republik bis zur mittleren Kaiserzeit</subfield>
   <subfield code="c">Jon Albers</subfield>
  </datafield>
  <datafield tag="264" ind1=" " ind2="1">
   <subfield code="a">Wiesbaden</subfield>
   <subfield code="b">Reichert</subfield>
   <subfield code="c">2013</subfield>
  </datafield>
  <datafield tag="300" ind1=" " ind2=" ">
   <subfield code="a">292 S.</subfield>
   <subfield code="b">Ill., Kt.</subfield>
  </datafield>
  <datafield tag="336" ind1=" " ind2=" ">
   <subfield code="a">Text</subfield>
   <subfield code="b">txt</subfield>
   <subfield code="2">rdacontent</subfield>
  </datafield>
  <datafield tag="337" ind1=" " ind2=" ">
   <subfield code="a">ohne Hilfsmittel zu benutzen</subfield>
   <subfield code="b">n</subfield>
   <subfield code="2">rdamedia</subfield>
  </datafield>
  <datafield tag="338" ind1=" " ind2=" ">
   <subfield code="a">Band</subfield>
   <subfield code="b">nc</subfield>
   <subfield code="2">rdacarrier</subfield>
  </datafield>
  <datafield tag="490" ind1="1" ind2=" ">
   <subfield code="a">Studien zur antiken Stadt</subfield>
   <subfield code="v">11</subfield>
  </datafield>
  <datafield tag="500" ind1=" " ind2=" ">
   <subfield code="a">Literaturangaben S. [9] - 29</subfield>
  </datafield>
  <datafield tag="502" ind1=" " ind2=" ">
   <subfield code="a">Teilw. zugl.: Bern, Univ., Diss., 2008</subfield>
  </datafield>
  <datafield tag="505" ind1="8" ind2="0">
   <subfield code="a">EinleitungForschungsgeschichteMethodik und VorgehenZwischen Mythos und persönlicher Selbstdarstellung : das Marsfeld bis zum Untergang der RepublikDie Voraussetzungen für den Charakter des FeldesDie geographische Lage und BeschaffenheitExtra PomeriumAger PublicusKönigszeit und frühe RepublikMythische Überlieferungen zum frühen MarsfeldFrühe Bauten auf dem MarsfeldDie Heiligtümer des Marsfeldes zwischen der mittleren Republik und dem 1. Jh. v. ChrIn Campo : die Feldherrentempel des Campus MartiusGaius FlaminiusIn Circo : die Feldherrentempel um den Campus MartiusDie Portiken auf dem Marsfeld : der hellenistische Einfluss im 2. Jh. v. ChrFrühe Portiken mit pragmatischem NutzkonzeptPortiken als platzgestalterisches MittelDie Portiken als Komponenten einer klar gegliederten AchseDas Marsfeld in den Bürgerkriegen der späten RepublikGrabmäler auf dem MarsfeldBauten und Bauvorhaben der Triumvirn : Pompeius und CaesarDer langsame Wandel des spätrepublikanischen MarsfeldcharaktersZusammenfassung : das Marsfeld zwischen Königszeit und RepublikDie Entstehung der Bedeutung und urbanen Gestalt des CampusEin politisch gewolltes Grosskonzept : die Gestaltung des Marsfeldes durch Augustus und AgrippaVerschiedene Bauten der römischen AristokratieDer Komplex des L. Cornelius BaibusWeitere Bauten anderer Stifter der augusteischen ZeitAugustus' Bauten und Wiederherstellungen auf dem MarsfeldDas Mausoleum AugustiHorologium und Ara PacisWeitere Bauten und Wiederherstellungen des AugustusDie Gestaltung des Marsfeldes durch AgrippaDie Bauten des Agrippa entlang des nördlichen MarsfeldesDas Pantheon des AgrippaDie Bautätigkeit des Agrippa und die Schaffung einer monumentalen AchseDer Campus als zentrales Element des augusteischen BauprogrammsDer Campus im 1. Jh. n. Chr : die Baupolitik der Flavier und ihre Konzentration auf das Innere des FeldesMassnahmen und Monumente der iulisch-claudischen Herrscher zwischen Augustus und NeroDie Bauten des Nero auf dem MarsfeldDer Ausbau der Infrastruktur im nördlichen MarsfeldDie Nero-ThermenDas Bauprogramm des Domitian : das Marsfeld der FlavierWiederaufbau von ZerstörtemDie architektonisch gestützte Einführung des griechischen Agon in Rom : das westliche MarsfeldFamilienruhm der gens Flavia : das östliche MarsfeldDer Campus im 1. Jh. n. ChrDie Epoche der Adoptivkaiser und die letzten Monumentalbauten auf dem CampusTrajan und Hadrian : das Marsfeld am Anfang des 2. Jhs. n. ChrDas Pantheon und die Basilika des NeptunDas Mausoleum des HadrianWeitere Bauten und Wiederaufbauten der trajanisch-hadrianischen Zeit auf dem CampusDie Bauten der Antoninen auf dem Marsfeld seit der Mitte des 2. Jhs. n. ChrDas HadrianeumDie Ehrenmonumente und der Tempel des divinisierten Marc Aurel auf dem nördlichen MarsfeldZusammenfassungCampus Martius : die Entwicklung der Urbanen Strukturen zwischen Republik und mittlerer KaiserzeitUrbanistische Analysen : die Entwicklung von Achsensystemen auf dem MarsfeldDie Raster- und Achsensysteme des MarsfeldesDas Strassensystem des MarsfeldesDas Marsfeld als Ort der Übernahme äusserer kultureller Einflüsse und architektonischer Weiterentwicklungen neuer BauformenDie Portiken und GärtenSpiele und FreizeitaktivitätenDas Marsfeld als Ort militärischer AktionenHeeresversammlung und Ausbildung der römischen JugendDas Marsfeld im Vorfeld des TriumphesVon der aristokratischen Rivalität zum kaiserlichen Herrscherkult : der Wandel des Stifterverhaltens auf dem Marsfeld zwischen Republik und 2. Jh. n. ChrBauliche Rivalität und politische Konkurrenz in der RepublikDie sepulkrale Bedeutung des MarsfeldesDas Marsfeld als Zentrum des römischen KaiserkultesZusammenfassungSummary (Übers. Chr. Rummel)Riassunto (Übers. V. Garaffa)KatalogPersonenregisterAbbildungsnachweisFarbtafeln.</subfield>
  </datafield>
  <datafield tag="583" ind1="1" ind2=" ">
   <subfield code="a">Archivierung/Langzeitarchivierung gewährleistet</subfield>
   <subfield code="f">SSG</subfield>
   <subfield code="x">XA-DE-BW</subfield>
   <subfield code="2">pdager</subfield>
   <subfield code="5">DE-16</subfield>
  </datafield>
  <datafield tag="650" ind1=" " ind2="0">
   <subfield code="a">Historic sites</subfield>
   <subfield code="z">Italy</subfield>
   <subfield code="z">Rome</subfield>
  </datafield>
  <datafield tag="651" ind1=" " ind2="0">
   <subfield code="a">Rome (Italy)</subfield>
   <subfield code="x">Antiquities</subfield>
  </datafield>
  <datafield tag="651" ind1=" " ind2="0">
   <subfield code="a">Campo Marzio (Rome, Italy)</subfield>
  </datafield>
  <datafield tag="655" ind1=" " ind2="7">
   <subfield code="a">Hochschulschrift</subfield>
   <subfield code="0">(DE-588)4113937-9</subfield>
   <subfield code="0">(DE-627)105825778</subfield>
   <subfield code="0">(DE-576)209480580</subfield>
   <subfield code="2">gnd-content</subfield>
  </datafield>
  <datafield tag="689" ind1="0" ind2="0">
   <subfield code="d">g</subfield>
   <subfield code="0">(DE-588)4345492-6</subfield>
   <subfield code="0">(DE-627)155489828</subfield>
   <subfield code="0">(DE-576)211467286</subfield>
   <subfield code="a">Marsfeld</subfield>
   <subfield code="g">Rom</subfield>
   <subfield code="2">gnd</subfield>
  </datafield>
  <datafield tag="689" ind1="0" ind2="1">
   <subfield code="d">s</subfield>
   <subfield code="0">(DE-588)4056730-8</subfield>
   <subfield code="0">(DE-627)106153897</subfield>
   <subfield code="0">(DE-576)209118776</subfield>
   <subfield code="a">Stadtentwicklung</subfield>
   <subfield code="2">gnd</subfield>
  </datafield>
  <datafield tag="689" ind1="0" ind2="2">
   <subfield code="d">s</subfield>
   <subfield code="0">(DE-588)4144240-4</subfield>
   <subfield code="0">(DE-627)104493321</subfield>
   <subfield code="0">(DE-576)209732520</subfield>
   <subfield code="a">Bebauung</subfield>
   <subfield code="2">gnd</subfield>
  </datafield>
  <datafield tag="689" ind1="0" ind2="3">
   <subfield code="d">s</subfield>
   <subfield code="0">(DE-588)4122886-8</subfield>
   <subfield code="0">(DE-627)105759147</subfield>
   <subfield code="0">(DE-576)209555068</subfield>
   <subfield code="a">Bauprogramm</subfield>
   <subfield code="2">gnd</subfield>
  </datafield>
  <datafield tag="689" ind1="0" ind2="4">
   <subfield code="a">z</subfield>
   <subfield code="2">gnd</subfield>
   <subfield code="a">Geschichte 470 v. Chr.-200</subfield>
  </datafield>
  <datafield tag="689" ind1="0" ind2=" ">
   <subfield code="5">DE-101</subfield>
  </datafield>
  <datafield tag="751" ind1=" " ind2=" ">
   <subfield code="a">Bern</subfield>
   <subfield code="0">(DE-588)4005762-8</subfield>
   <subfield code="0">(DE-627)106379933</subfield>
   <subfield code="0">(DE-576)208862781</subfield>
   <subfield code="4">uvp</subfield>
  </datafield>
  <datafield tag="787" ind1="0" ind2="8">
   <subfield code="i">Rezension</subfield>
   <subfield code="a">Lambrecht, Ulrich</subfield>
   <subfield code="t">[Rezension von: Jon Albers; Campus Martius]</subfield>
   <subfield code="d">Regensburg : Schnell und Steiner, 2014</subfield>
   <subfield code="w">(DE-627)157741327X</subfield>
   <subfield code="w">(DE-576)50741327X</subfield>
  </datafield>
  <datafield tag="830" ind1=" " ind2="0">
   <subfield code="a">Studien zur antiken Stadt</subfield>
   <subfield code="v">11</subfield>
   <subfield code="9">1100</subfield>
   <subfield code="w">(DE-627)248217143</subfield>
   <subfield code="w">(DE-576)044025211</subfield>
   <subfield code="w">(DE-600)1441677-3</subfield>
   <subfield code="x">0947-2835</subfield>
   <subfield code="7">ns</subfield>
  </datafield>
  <datafield tag="856" ind1="4" ind2="2">
   <subfield code="u">http://deposit.dnb.de/cgi-bin/dokserv?id=4210332&amp;prov=M&amp;dok_var=1&amp;dok_ext=htm</subfield>
   <subfield code="m">X: MVB</subfield>
   <subfield code="q">text/html</subfield>
   <subfield code="v">2013-05-01</subfield>
   <subfield code="x">Verlag</subfield>
   <subfield code="3">Inhaltstext</subfield>
  </datafield>
  <datafield tag="856" ind1="4" ind2="2">
   <subfield code="u">http://d-nb.info/1028886365/04</subfield>
   <subfield code="m">B:DE-101</subfield>
   <subfield code="q">application/pdf</subfield>
   <subfield code="3">Inhaltsverzeichnis</subfield>
  </datafield>
  <datafield tag="935" ind1=" " ind2=" ">
   <subfield code="a">BGTS</subfield>
  </datafield>
  <datafield tag="935" ind1=" " ind2=" ">
   <subfield code="i">sf</subfield>
  </datafield>
  <datafield tag="935" ind1=" " ind2=" ">
   <subfield code="i">Blocktest</subfield>
  </datafield>
  <datafield tag="936" ind1="r" ind2="v">
   <subfield code="a">LF 3500</subfield>
   <subfield code="b">Circus, Stadien, Theater, Amphitheater</subfield>
   <subfield code="k">Klassische Archäologie</subfield>
   <subfield code="k">Topografie und Grabungspublikationen</subfield>
   <subfield code="k">Ausgrabungspublikationen und topografische Literatur</subfield>
   <subfield code="k">Orte und Landschaften R</subfield>
   <subfield code="k">Rom</subfield>
   <subfield code="k">Circus, Stadien, Theater, Amphitheater</subfield>
   <subfield code="0">(DE-627)1271864592</subfield>
   <subfield code="0">(DE-625)rvk/91535:</subfield>
   <subfield code="0">(DE-576)201864592</subfield>
  </datafield>
  <datafield tag="936" ind1="r" ind2="v">
   <subfield code="a">LF 3460</subfield>
   <subfield code="b">Tempel und Heiligtümer, Kirchen, Ara pacis</subfield>
   <subfield code="k">Klassische Archäologie</subfield>
   <subfield code="k">Topografie und Grabungspublikationen</subfield>
   <subfield code="k">Ausgrabungspublikationen und topografische Literatur</subfield>
   <subfield code="k">Orte und Landschaften R</subfield>
   <subfield code="k">Rom</subfield>
   <subfield code="k">Tempel und Heiligtümer, Kirchen, Ara pacis</subfield>
   <subfield code="0">(DE-627)1271550520</subfield>
   <subfield code="0">(DE-625)rvk/91532:</subfield>
   <subfield code="0">(DE-576)201550520</subfield>
  </datafield>
  <datafield tag="936" ind1="r" ind2="v">
   <subfield code="a">LF 3540</subfield>
   <subfield code="b">Sonstiges</subfield>
   <subfield code="k">Klassische Archäologie</subfield>
   <subfield code="k">Topografie und Grabungspublikationen</subfield>
   <subfield code="k">Ausgrabungspublikationen und topografische Literatur</subfield>
   <subfield code="k">Orte und Landschaften R</subfield>
   <subfield code="k">Rom</subfield>
   <subfield code="k">Sonstiges</subfield>
   <subfield code="0">(DE-627)1271512823</subfield>
   <subfield code="0">(DE-625)rvk/91539:</subfield>
   <subfield code="0">(DE-576)201512823</subfield>
  </datafield>
  <datafield tag="936" ind1="r" ind2="v">
   <subfield code="a">NH 7711</subfield>
   <subfield code="b">Gebietskörperschaften, einzelne Städte und Siedlungen von A-Z</subfield>
   <subfield code="k">Geschichte</subfield>
   <subfield code="k">Griechisch-römische Geschichte</subfield>
   <subfield code="k">Römische Geschichte</subfield>
   <subfield code="k">Regionalgeschichte des Römischen Reiches</subfield>
   <subfield code="k">Italien (einschl. Sizilien, Sardinien, Korsika)</subfield>
   <subfield code="k">Gebietskörperschaften, einzelne Städte und Siedlungen von A-Z</subfield>
   <subfield code="0">(DE-627)1271531852</subfield>
   <subfield code="0">(DE-625)rvk/125783:12246</subfield>
   <subfield code="0">(DE-576)201531852</subfield>
  </datafield>
  <datafield tag="936" ind1="b" ind2="k">
   <subfield code="a">15.28</subfield>
   <subfield code="j">Römisches Reich</subfield>
   <subfield code="0">(DE-627)106405128</subfield>
  </datafield>
  <datafield tag="936" ind1="b" ind2="k">
   <subfield code="a">20.62</subfield>
   <subfield code="j">Italische Kunst</subfield>
   <subfield code="j">etruskische Kunst</subfield>
   <subfield code="j">römische Kunst</subfield>
   <subfield code="0">(DE-627)106406590</subfield>
  </datafield>
  <datafield tag="936" ind1="b" ind2="k">
   <subfield code="a">15.17</subfield>
   <subfield code="j">Klassische Archäologie</subfield>
   <subfield code="0">(DE-627)106419749</subfield>
  </datafield>
  <datafield tag="951" ind1=" " ind2=" ">
   <subfield code="a">BO</subfield>
  </datafield>
  <datafield tag="990" ind1=" " ind2=" ">
   <subfield code="a">Marsfeld</subfield>
  </datafield>
  <datafield tag="990" ind1=" " ind2=" ">
   <subfield code="a">Stadtentwicklung</subfield>
  </datafield>
  <datafield tag="990" ind1=" " ind2=" ">
   <subfield code="a">Bebauung</subfield>
  </datafield>
  <datafield tag="990" ind1=" " ind2=" ">
   <subfield code="a">Bauprogramm</subfield>
  </datafield>
  <datafield tag="990" ind1=" " ind2=" ">
   <subfield code="a">Geschichte 470 v. Chr.-200</subfield>
  </datafield>
  <datafield tag="991" ind1=" " ind2=" ">
   <subfield code="a">Rezensiertes Werk</subfield>
  </datafield>
  <datafield tag="999" ind1=" " ind2=" ">
   <subfield code="a">KXP-PPN72756692X</subfield>
   <subfield code="e">4160050395</subfield>
  </datafield>
 </record>
</collection>
